Узбекская народная поэзия: сборник; пер. с узбек.

Bibliographic Details
Other Authors: Мирзаев Т. М. (автор предисловия)
Language:Russian
Published: Ленинград, Советский писатель, 1990
Series:Библиотека поэта Большая серия. 3-е изд.
Subjects:
Format: Book
KOHA link:https://koha.lib.tpu.ru/cgi-bin/koha/opac-detail.pl?biblionumber=166743

MARC

LEADER 00000nam0a2200000 4500
001 166743
005 20231031162555.0
010 |a 5265014845 
020 |a RU  |b 90-19391 
035 |a (RuTPU)RU\TPU\book\180872 
090 |a 166743 
100 |a 20091006d1990 m y0rusy5003 ca 
101 1 |a rus  |c uzb 
102 |a RU 
105 |a y z 001gy 
200 1 |a Узбекская народная поэзия  |e сборник   |e пер. с узбек.  |f авт. предисл., сост. и примеч. Т. М. Мирзаев 
210 |a Ленинград  |c Советский писатель  |c Ленингр. отд-ние  |d 1990 
215 |a 654,[1] с.  |d 21 см 
225 1 |a Библиотека поэта  |e Осн. М. Горьким в 1931 г  |a Большая серия. 3-е изд. 
320 |a Библиогр. в примеч.: с. 633-647 
610 1 |a узбекская литература 
610 1 |a поэзия 
610 1 |a песни 
675 |a 894.3  |z rus 
702 1 |a Мирзаев  |b Т. М.  |4 080 
801 0 |a RU  |b RuMRKP  |c 19950417  |g psbo 
801 1 |a RU  |b 63413507  |c 20091006 
801 2 |a RU  |b 63413507  |c 20091006  |g RCR 
942 |c BK